<?xml version="1.0" encoding="UTF-8"?>
<record
    xmlns:xsi="http://www.w3.org/2001/XMLSchema-instance"
    xsi:schemaLocation="http://www.loc.gov/MARC21/slim http://www.loc.gov/standards/marcxml/schema/MARC21slim.xsd"
    xmlns="http://www.loc.gov/MARC21/slim">

  <leader>01084nam a22001937a 4500</leader>
  <controlfield tag="005">20231123094840.0</controlfield>
  <controlfield tag="008">230912b       sp |||||||| |||| 00| 0 spa d</controlfield>
  <datafield tag="020" ind1=" " ind2=" ">
    <subfield code="a">8432942103</subfield>
  </datafield>
  <datafield tag="050" ind1="0" ind2="4">
    <subfield code="a">TH145</subfield>
    <subfield code="b">T43 1977</subfield>
  </datafield>
  <datafield tag="245" ind1="0" ind2="0">
    <subfield code="a">Tecnolog&#xED;a de la construcci&#xF3;n</subfield>
    <subfield code="b">: primer grado / primer curso</subfield>
  </datafield>
  <datafield tag="250" ind1=" " ind2=" ">
    <subfield code="a">1a ed.</subfield>
  </datafield>
  <datafield tag="260" ind1=" " ind2=" ">
    <subfield code="a">Barcelona, Espa&#xF1;a :</subfield>
    <subfield code="b">Ediciones CEAC,</subfield>
    <subfield code="c">1977.</subfield>
  </datafield>
  <datafield tag="300" ind1=" " ind2=" ">
    <subfield code="a">190 p. : </subfield>
    <subfield code="b">il. ;</subfield>
    <subfield code="c">28 cm.</subfield>
  </datafield>
  <datafield tag="490" ind1="0" ind2=" ">
    <subfield code="a">Libros CEAC de formaci&#xF3;n profesional.</subfield>
  </datafield>
  <datafield tag="500" ind1=" " ind2=" ">
    <subfield code="a">Incluye &#xED;ndice.</subfield>
  </datafield>
  <datafield tag="505" ind1="1" ind2=" ">
    <subfield code="t">G:1 C:1 Tecnolog&#xED;a del metal. -- Tecnolog&#xED;a de la electricidad. -- Tecnolog&#xED;a del automovil. -- Tecnolog&#xED;a de la construcci&#xF3;n. -- Pr&#xE1;cticas del metal. -- Pr&#xE1;cticas de electricidad. -- Pr&#xE1;cticas de automoci&#xF3;n. -- Pr&#xE1;cticas de delineaci&#xF3;n. -- Pr&#xE1;cticas de la madera. -- T&#xE9;cnicas de expresi&#xF3;n gr&#xE1;fica, Delineaci&#xF3;n. -- T&#xE9;cnicas de expresi&#xF3;n gr&#xE1;fica, automovil, metal, electricidad, construcci&#xF3;n, madera, miner&#xED;a, qu&#xED;mica, textil, imagen, sonido.</subfield>
    <subfield code="t">G:1 C:2 Tecnolog&#xED;a de electr&#xF3;nica.</subfield>
  </datafield>
  <datafield tag="650" ind1=" " ind2="7">
    <subfield code="2">lemb</subfield>
    <subfield code="a">Construcci&#xF3;n</subfield>
    <subfield code="x">Tecnolog&#xED;a</subfield>
  </datafield>
  <datafield tag="942" ind1=" " ind2=" ">
    <subfield code="2">lcc</subfield>
    <subfield code="c">LIB</subfield>
  </datafield>
  <datafield tag="999" ind1=" " ind2=" ">
    <subfield code="c">125024</subfield>
    <subfield code="d">125024</subfield>
  </datafield>
  <datafield tag="952" ind1=" " ind2=" ">
    <subfield code="1">0</subfield>
    <subfield code="2">lcc</subfield>
    <subfield code="4">0</subfield>
    <subfield code="7">0</subfield>
    <subfield code="a">UCIH</subfield>
    <subfield code="b">UCIH</subfield>
    <subfield code="c">GENERAL</subfield>
    <subfield code="d">2023-09-12</subfield>
    <subfield code="f">1a ed.</subfield>
    <subfield code="h">G:1 C:1</subfield>
    <subfield code="k">IT</subfield>
    <subfield code="l">1</subfield>
    <subfield code="m">1</subfield>
    <subfield code="o">TH145 T43 1977</subfield>
    <subfield code="p">BCU000024177</subfield>
    <subfield code="r">2026-02-12 17:34:25</subfield>
    <subfield code="s">2026-02-06</subfield>
    <subfield code="t">1</subfield>
    <subfield code="v">1.00</subfield>
    <subfield code="y">LIB</subfield>
  </datafield>
  <datafield tag="952" ind1=" " ind2=" ">
    <subfield code="1">0</subfield>
    <subfield code="2">lcc</subfield>
    <subfield code="4">0</subfield>
    <subfield code="7">0</subfield>
    <subfield code="a">UCIH</subfield>
    <subfield code="b">UCIH</subfield>
    <subfield code="c">GENERAL</subfield>
    <subfield code="d">2023-09-12</subfield>
    <subfield code="f">1a ed.</subfield>
    <subfield code="h">G:1 C:1</subfield>
    <subfield code="k">IT</subfield>
    <subfield code="l">0</subfield>
    <subfield code="o">TH145 T43 1977</subfield>
    <subfield code="p">BCU000024178</subfield>
    <subfield code="r">2023-09-12 00:00:00</subfield>
    <subfield code="t">2</subfield>
    <subfield code="v">1.00</subfield>
    <subfield code="y">LIB</subfield>
  </datafield>
</record>
